|
|
|
|
| LEADER |
00000nab a2200000 a 4500 |
| 001 |
vtls000837544 |
| 003 |
SK-MaSNL |
| 005 |
20260304172829.0 |
| 008 |
250526c2003 xo 0 slo |
| 015 |
|
|
|a SNBRB2003/06-17769
|
| 035 |
|
|
|a CLN000189199
|
| 035 |
|
|
|a urn:nbn:sk:snk-ab27po
|
| 035 |
|
|
|a (urnnbn)urn:nbn:sk:snk:ar-a01w6o
|
| 035 |
|
|
|a (uuid)6100b0a6-a5f4-4d28-886f-3a04e62b9931
|
| 040 |
|
|
|a SNKBUCL
|b slo
|c SNKBUCL
|e AACR2
|
| 041 |
0 |
|
|a slo
|
| 044 |
|
|
|a xo
|c SK
|
| 080 |
|
|
|a 630*23(510:437.6)
|2 UDC-MRF-SK2
|
| 100 |
1 |
|
|a Finta, Ladislav
|4 ain
|9 421189
|
| 245 |
1 |
0 |
|a Program Zelená Čína
|b je to obrovská výzva a šanca pre slovenské lesníctvo!
|c Ladislav Finta, Július Novotný
|
| 500 |
|
|
|a (dokončenie v budúcom čísle)
|
| 610 |
|
7 |
|a Zelená Čína (projekt)
|2 snkbucl
|9 864115
|
| 650 |
0 |
7 |
|a zalesňovanie
|2 snkbucl
|9 16543
|
| 655 |
|
7 |
|a články z novín a časopisov
|2 snkbucl
|9 267496
|
| 700 |
1 |
|
|a Novotný, Július,
|d 1954-
|4 aut
|4 uin
|9 89186
|
| 773 |
0 |
|
|t Slovenské lesokruhy
|g Č. 3-4 (2003), s. 32
|x 1336-0612
|
| 850 |
|
|
|a Slovenská národná knižnica
|
| 852 |
|
|
|a Slovenská národná knižnica
|
| 958 |
|
|
|a ONDV
|
| 958 |
|
|
|a article27
|
| 999 |
|
|
|c 3000270
|d 3002200
|